000
00349nam a22001457a 4500
005
20251108175806.0
008
250721s2002 xx 000 0 eng d
082
1
4
_a
332.17/TRA
245
1
0
_a
trade finance fraud /
264
_b
ICC COMMERCIAL CRIME SERVICES,
_c
2002.
300
_a
82P.
650
1
7
_a
BANKS
942
_2
ddc
_c
BK
999
_c
142521
_d
142521